Sociálny rozvoj a zameranie programu v oblasti sociálno-psychologických vzťahov v podmienkach k.p. Atómové elektrárne Bohunice záverečná práca postgraduálneho štúdia

Salvato in:
Dettagli Bibliografici
Autore principale: Klement, Jozef
Ente Autore: Vysoká škola ekonomická v Bratislave
Altri autori: Tichý, Imrich
Natura: Libro
Lingua:slovacco
Pubblicazione: Bratislava 1988
Tags: Aggiungi Tag
Nessun Tag, puoi essere il primo ad aggiungerne!!

MARC

LEADER 00000nam a2200000 4500
001 c030777
005 20221219092331.3
041 0 |a slo 
044 |a SK 
245 1 0 |a Sociálny rozvoj a zameranie programu v oblasti sociálno-psychologických vzťahov v podmienkach k.p. Atómové elektrárne Bohunice  |b záverečná práca postgraduálneho štúdia  |c Jozef Klement ; Ved. práce Imrich Tichý 
264 1 |a Bratislava  |c 1988 
300 |a 51 s. 
100 1 |a Klement, Jozef 
700 1 |a Tichý, Imrich 
710 2 |a Vysoká škola ekonomická v Bratislave